000 00569nam a2200193 i 4500
001 31677
003 ES-MaACL
005 20230906154427.0
007 t|
008 030129s1898 fr ||||1| fre d
100 1 _aBechmann, G.
_926910
245 1 0 _aSalubrité urbaine
_b: distributions d'eau et assainissement /
_cpar G. Bechmann.
250 _a2eme ed.
260 _aParis :
_bBaudry,
_c1898 (
_fBarneond)
300 _a2 v. :
_bil. ;
_c25 cm.
650 4 _aAgua-
_xAbastecimiento.
_99692
650 4 _aSalubridad pública.
_9142699
852 _aES-MaACL
_jF-6203-4
999 _c31677
_d31677